000 00501nam a2200181Ia 4500
005 20250508161753.0
008 008 250505s9999 xx 000 0 eng d
037 _aTextual
040 _aFEDL
_beng
_cFEDL
041 _aeng
_2eng
084 _aF, HAW
_qFEDL
100 _aRupp Richard H
_9590381
245 0 _aMarble faun: Or, the romance of Monte Beni
260 _aDelhi, India
_bUniversal Book Stall
_c1973
300 _a450p.
942 _cTEXL
_hF, HAW
999 _c1372087
_d1372087